Statistics for Country Flags that Depict the Equator

Click here to take the quiz!

General Stats

  • This quiz has been taken 69 times
  • The average score is 3 of 5

Answer Stats

Country% Correct
Brazil
87%
Nauru
62%
Kiribati
52%
Marshall Islands
51%
Gabon
43%

Score Distribution

Percentile by Number Answered

Percent of People with Each Score

Your Score History

You have not taken this quiz